Sports Quiz

Random Sports or NBA Quiz

Letter Grid: NBA Teams Quiz Stats

 Plays Quiz Updated Oct 22, 2019

Score 0/100 Timer 05:00
82 Plays Today
% Correct
???
88.5%
???
87.9%
???
86.8%
???
84.5%
???
83.7%
???
81.1%
???
80.7%
???
80.6%
???
80.5%
???
80.4%
???
80.3%
???
80.2%
???
80.1%
???
80.1%
???
80.1%
???
80.1%
???
80%
???
80%
???
80%
???
79.9%
???
79.9%
???
79.3%
???
79.1%
???
79.1%
???
79.1%
???
79%
???
78.9%
???
78.8%
???
78.5%
???
78.4%
???
78.3%
???
78.3%
???
78.3%
???
78.2%
% Correct
???
78.2%
???
77.6%
???
77.2%
???
77%
???
76.7%
???
76.6%
???
76.5%
???
76.4%
???
76.4%
???
76.4%
???
76.3%
???
76.2%
???
76.1%
???
76%
???
76%
???
76%
???
76%
???
76%
???
75.8%
???
75.8%
???
75.8%
???
75.8%
???
75.7%
???
75.7%
???
75.7%
???
75.6%
???
75.6%
???
75.6%
???
75.6%
???
75.5%
???
75.5%
???
75.5%
???
75.5%
???
75.4%
% Correct
???
75.3%
???
75.3%
???
75.3%
???
75.3%
???
75.2%
???
75.2%
???
75.2%
???
75.2%
???
75.1%
???
75.1%
???
75.1%
???
75.1%
???
75.1%
???
75.1%
???
75%
???
75%
???
74.9%
???
74.9%
???
74.8%
???
74.6%
???
74.4%
???
74.3%
???
74.2%
???
74.1%
???
73.9%
???
73.4%
???
71.7%
???
71.2%
???
71.1%
???
67.7%
???
58.6%
???
36.6%

You're not logged in!

Compare scores with friends on all Sporcle quizzes.
OR
Log In

Sporcle TV

Today on Sporcle TV


Watch our educational content, quiz creation guides, and fun videos on Sporcle TV.

Show Comments

Extras

Top Quizzes Today


Score Distribution

Your Account Isn't Verified!

In order to create a playlist on Sporcle, you need to verify the email address you used during registration. Go to your Sporcle Settings to finish the process.

Report this User

Report this user for behavior that violates our Community Guidelines.

Details: